Регионална библиотека "Любен Каравелов" - Русе

Когато небето падна (Запис номер 99900)

MARC детайли
000 -Лидер
Контролно поле с фиксирана дължина 02354nam a2200409 c 4500
003 - Код на организацията, давaща контролен номер
Контролно поле BLK
005 - Дата и час на последна редакция
Контролно поле 20231103005156.0
008 - Елементи от данни с фиксирана дължина
fixed length control field 180409b bul|||||r ||||||| ||bul||
010 ## - Наследен системен номер
LC control number KNG00104916000
020 ## - Международен стандартен номер на книга ISBN
Международен стандартен номер на книга ISBN 954-585-412-Х
-- издат.: Бард
040 ## - Източник на каталожния запис
Идентификатор на билиотеката - собственик на записа BLK
041 ## - Код за език
Код за езика на текст/звукозапис или на отделно заглавие Български
Код за езика КДБФ Български
080 ## - УДК
Текстов определител УДК Разпространяване на научните знания - популяризиране на науката, занимателна наука, учение за явленията научно необяснени, заблуждения и фалшификации, илюзии и др. п., секретност на научните знания
УДК код - определител по УДК 001.9
УДК определител
УДК - код + определител 001.9
080 ## - УДК
Текстов определител УДК Паметници на културата на историческите периоди. Археологическите паметници. Старини
УДК код - определител по УДК 904
УДК определител
УДК - код + определител 904
080 ## - УДК
Текстов определител УДК Стара и антична история
УДК код - определител по УДК 931
УДК определител
УДК - код + определител 931
080 ## - УДК
Текстов определител УДК История на цивилизацията. История на културата
УДК код - определител по УДК 930.85
УДК определител
УДК - код + определител 930.85
100 1# - Редна дума - Автор
Автор Флем-Ат, Ранд
Авторска отговорност първи автор
R(LIN) 274074
139 ## - Редно поле
Редна дума Флем-Ат, Ранд и др.
Авторски знак Фле - Ф 61
245 10 - Сведения за заглавието
Заглавие Когато небето падна
Подзаглавни данни В търсене на Атлантида
Редно поле (дума) Ранд Флем-Ат; съавт. Роуз Флем-Ат; въвед. Колин Уилсън; прев. от англ. Венцислав Божидаров Божилов.
257 ## - Страна на издаване
Страна на създаване/издаване Съединени американски щати
260 ## - Област на издателските данни
-- София
Име на издателя, разпространителя и проч. Бард
Година на издаване 2003
Печатница Хасково : Полиграфюг
300 ## - Физическа характеристика
Страници 256 с.
Размери/Мащаб 20 см
380 ## - Жанр
Жанр Общ отдел
490 1# - СЕРИИ (Колекции)
Име на серия Поредица Загадки и мистерии
500 ## - Общи забележки
Забележка Съдържа и Глобален модел за възникването на земеделието / Ранд Флем-Ан
650 #4 - Допълнително описание по предмет – тема
Основно описание – тема или топоним Атлантида
9 (RLIN) 147823
653 ## - Ключова дума – ненормативна
Ключова дума Атлантида
700 1# - Други автори (авторска отговорност)
Лично име Флем-Ат, Роуз
Автороска отговорност (Описва отношението между автора и произведението) съавт.
9 (RLIN) 308233
700 1# - Други автори (авторска отговорност)
Лично име Уилсън, Колин
Автороска отговорност (Описва отношението между автора и произведението) въвед.
9 (RLIN) 367200
700 ## - Други автори (авторска отговорност)
Лично име Божилов, Венцислав Божидаров
Звания и думи, свързани с автора Теодосиев, Стефан, 1968- (псевдоним)
Дати, свързани с автора 1968-
9 (RLIN) 367877
852 ## - Местоположение
Форматна сигнатура Цб 214011
856 4# - Електронен адрес и достъп
Електронен формат pdf - файл
Път до файла /url/
856 4# - Електронен адрес и достъп
Електронен формат pdf - файл
Път до файла /url/
942 ## - АРТИКУЛИ
Вид на библиотечния материал Книги
Скрит в OPAC Не
Koha issues (borrowed), all copies 3
944 ## - СЪЗДАВАНЕ И РЕДАКЦИЯ на ЗАПИСА
Създаване/Редакция Създаване
Дата на регистрацията/редакция 01.01.2003
Служител, извършил регистрацията/редакцията
Статус, дата на статуса CRON CRON
944 ## - СЪЗДАВАНЕ И РЕДАКЦИЯ на ЗАПИСА
Създаване/Редакция Редакция
Дата на регистрацията/редакция 12.03.2004
Служител, извършил регистрацията/редакцията
999 ## - СИСТЕМНИ КОНТРОЛНИ НОМЕРА
Koha biblionumber 99900
Koha biblioitemnumber 99900
Наличности
Код за отписване Код за изгубен артикул Код за повреда Коз за рестрикции Код за отдаване Артикулен № Име на библиотеката - собственик Име на библиотеката, в която се намира в момента Статус (Текущо местоположение) Дата на вписване в системата Местоположение - отдел Цена в лева Инвентарен номер Систематично азбучна сигнатура Баркод Номер на екземпляра Цена в евро Служебна бележка Служебен тип на артикула
  Не е изгубен Не е повреден без рестрикции заемане за дома 160916 Регионална библиотека "Любен Каравелов" Русе Регионална библиотека "Любен Каравелов" Русе Заемна - подръчен фонд 2003-02-12 Заемна - подръчен фонд 7.00 120000674669 П 001.9/Р 61 120000674669 1 3.58 Дост: Pk Вид: Ф N: 3 Дата: 12.02.2003 Дата инв: 01.02.2018 Бележки инв: П2018 Книги
  Не е изгубен Не е повреден без рестрикции ползва се в читалня 160917 Регионална библиотека "Любен Каравелов" Русе Регионална библиотека "Любен Каравелов" Русе Хранилище 2004-02-18 Хранилище 6.99 120000682806 Цб 214011 120000682806 2 3.57 Дост: Dp Вид: Д N: 12 Дата: 05.03.2003 Книги
Vip Innovations Ltd, Rousse, Bulgaria 2025